[Event "22. Copenhagen Open  (Politiken Cup)"]
[Site "Copenhagen"]
[Date "2000.07.26"]
[Round "9"]
[White "Nielsen, Jens Holm"]
[Black "Gislason, Ingolfur"]
[Result "1/2-1/2"]
[WhiteElo "2060"]
[BlackElo "1780"]
[PlyCount "59"]
[EventDate "2000.07.17"]
[EventType "swiss"]
[EventRounds "11"]
[EventCountry "DEN"]
[SourceDate "2004.01.01"]

1. Nc3 d5 2. e4 e6 3. g3 Nf6 4. Bg2 c5 5. d3 Nc6 6. f4 b5 7. e5 b4 8. Nce2 Nd7
9. Nh3 Nb6 10. O-O g6 11. c4 Bb7 12. cxd5 Nxd5 13. Ng5 Bg7 14. Ne4 O-O 15. g4
Qb6 16. Kh1 f6 17. f5 Nxe5 18. h3 c4 19. dxc4 Nxc4 20. Qd4 Qxd4 21. Nxd4 Nce3
22. Bxe3 Nxe3 23. Bf3 Nxf1 24. Rxf1 exf5 25. gxf5 Rac8 26. Ne6 Bxe4 27. Bxe4
Rfe8 28. Rd1 gxf5 29. Bxf5 Rc6 30. Nxg7 1/2-1/2

[Event "22. Copenhagen Open  (Politiken Cup)"]
[Site "Copenhagen"]
[Date "2000.07.26"]
[Round "9"]
[White "Nielsen, Michael B"]
[Black "Jorgensen, Morten S"]
[Result "1-0"]
[WhiteElo "1421"]
[BlackElo "1223"]
[PlyCount "53"]
[EventDate "2000.07.17"]
[EventType "swiss"]
[EventRounds "11"]
[EventCountry "DEN"]
[SourceDate "2004.01.01"]

1. d4 Nf6 2. c4 g6 3. Nc3 d5 4. Bf4 a6 5. e3 Bg7 6. Nf3 O-O 7. Bd3 dxc4 8. Bxc4
Nc6 9. O-O Bg4 10. h3 Bxf3 11. Qxf3 Rb8 12. Rac1 e6 13. Bg5 h6 14. Bh4 g5 15.
Bg3 b5 16. Qxc6 bxc4 17. Qxc4 Rxb2 18. Qxa6 Nh5 19. Bh2 c5 20. dxc5 Bxc3 21.
Rxc3 Qd2 22. Ra3 Nf6 23. c6 Ne4 24. Qd3 Rd8 25. Qxe4 Qd1 26. g4 Qe2 27. c7 1-0

[Event "22. Copenhagen Open  (Politiken Cup)"]
[Site "Copenhagen"]
[Date "2000.07.26"]
[Round "9"]
[White "Nielsen, Morten"]
[Black "Nielsen, Jan Mose"]
[Result "1-0"]
[WhiteElo "2094"]
[BlackElo "2030"]
[PlyCount "49"]
[EventDate "2000.07.17"]
[EventType "swiss"]
[EventRounds "11"]
[EventCountry "DEN"]
[SourceDate "2004.01.01"]

1. e4 c5 2. Nf3 Nc6 3. d4 cxd4 4. Nxd4 e5 5. Nb5 a6 6. Nd6+ Bxd6 7. Qxd6 Qf6 8.
Qd3 Nge7 9. Nc3 d5 10. Nxd5 Nxd5 11. Qxd5 Be6 12. Qd1 Rd8 13. Bd3 Nb4 14. Qe2
Bxa2 15. Be3 Qc6 16. O-O Be6 17. f4 exf4 18. Rxf4 O-O 19. Rh4 Nxd3 20. Qh5 h6
21. cxd3 g5 22. Rc1 Qa4 23. Bxg5 Rxd3 24. Bxh6 Qd4+ 25. Kh1 1-0

[Event "22. Copenhagen Open  (Politiken Cup)"]
[Site "Copenhagen"]
[Date "2000.07.26"]
[Round "9"]
[White "Nielsen, Rune"]
[Black "Schmidt, Horst"]
[Result "0-1"]
[WhiteElo "1611"]
[BlackElo "2025"]
[PlyCount "64"]
[EventDate "2000.07.17"]
[EventType "swiss"]
[EventRounds "11"]
[EventCountry "DEN"]
[SourceDate "2004.01.01"]

1. d4 Nf6 2. c4 e6 3. Nc3 d5 4. cxd5 exd5 5. Bg5 Be7 6. Nf3 O-O 7. h3 Nbd7 8.
e3 Re8 9. Bd3 c6 10. Qc2 Nf8 11. O-O h6 12. Bxf6 Bxf6 13. b4 a6 14. a4 Be6 15.
b5 c5 16. dxc5 Qc7 17. c6 bxc6 18. bxa6 Qa5 19. Rac1 Rab8 20. Nd4 Rec8 21. Nd1
Bd7 22. Rb1 Rxb1 23. Qxb1 Bxd4 24. exd4 Qxa4 25. Qb7 c5 26. dxc5 Rxc5 27. Ne3
Bc8 28. Qa8 Be6 29. Rb1 Rc8 30. Rb8 Rc1+ 31. Kh2 Qf4+ 32. g3 Qxf2+ 0-1

[Event "22. Copenhagen Open  (Politiken Cup)"]
[Site "Copenhagen"]
[Date "2000.07.26"]
[Round "9"]
[White "Nilssen, John Arni"]
[Black "Mikhalevski, Victor"]
[Result "0-1"]
[WhiteElo "2354"]
[BlackElo "2532"]
[PlyCount "120"]
[EventDate "2000.07.17"]
[EventType "swiss"]
[EventRounds "11"]
[EventCountry "DEN"]
[SourceDate "2004.01.01"]

1. d4 Nf6 2. c4 c5 3. d5 b5 4. cxb5 a6 5. b6 Bb7 6. Nc3 e6 7. e4 exd5 8. exd5
d6 9. a4 a5 10. Bb5+ Nbd7 11. Nge2 Be7 12. O-O O-O 13. Ng3 Nxb6 14. Nf5 Nfxd5
15. Qg4 Bf6 16. Bh6 Bc8 17. Bxg7 Bxf5 18. Qxf5 Bxg7 19. Nxd5 Nxd5 20. Qxd5 Bxb2
21. Rad1 Be5 22. Rd3 Kh8 23. Rh3 Ra7 24. f4 Bd4+ 25. Kh1 f5 26. Rh6 Rf6 27.
Rxf6 Qxf6 28. Bc4 Qf8 29. Re1 Rg7 30. Qxf5 Rg8 31. Qd7 Qd8 32. Qf5 Rf8 33. Qe4
Bf2 34. Re2 Qh4 35. Bd3 Bg3 36. h3 Bxf4 37. Qe7 Qxe7 38. Rxe7 h6 39. Bc4 Bg3
40. Kg1 Rf4 41. Re8+ Kg7 42. Rg8+ Kf6 43. Bb5 Bf2+ 44. Kf1 Ke5 45. Ke2 Rf6 46.
Ra8 Kd4 47. Rxa5 Bg3 48. Ra8 Rf2+ 49. Kd1 Kc3 50. Be2 d5 51. a5 d4 52. a6 d3
53. Bxd3 Rd2+ 54. Kc1 Rxd3 55. Rf8 Re3 56. Kb1 Re1+ 57. Ka2 Be5 58. a7 Kc4 59.
Rf4+ Kb5 60. Kb3 Ra1 0-1

[Event "22. Copenhagen Open  (Politiken Cup)"]
[Site "Copenhagen"]
[Date "2000.07.26"]
[Round "9"]
[White "Nilsson, Lars Kjoller"]
[Black "Damgaard, Sven"]
[Result "1-0"]
[WhiteElo "2061"]
[BlackElo "1887"]
[PlyCount "53"]
[EventDate "2000.07.17"]
[EventType "swiss"]
[EventRounds "11"]
[EventCountry "DEN"]
[SourceDate "2004.01.01"]

1. e4 e5 2. Nf3 Nc6 3. d4 exd4 4. Bc4 d6 5. Nxd4 Ne5 6. Bb3 h6 7. O-O Nf6 8. f4
Ned7 9. Kh1 Be7 10. Qe1 Nc5 11. Nc3 Nxb3 12. axb3 c5 13. Nf3 O-O 14. e5 Ne8 15.
Nd5 dxe5 16. c4 Nc7 17. Nxc7 Qxc7 18. fxe5 a5 19. Bd2 b6 20. Bc3 Be6 21. Qe4
Rfd8 22. Ng1 g6 23. Ne2 Bf8 24. Nf4 Bf5 25. Qf3 Bg7 26. Nd5 Qb8 27. Ne7+ 1-0

[Event "22. Copenhagen Open  (Politiken Cup)"]
[Site "Copenhagen"]
[Date "2000.07.26"]
[Round "9"]
[White "Nilsson, Nils Specht"]
[Black "Andreasen, Per Naesby"]
[Result "0-1"]
[WhiteElo "2188"]
[BlackElo "2293"]
[PlyCount "160"]
[EventDate "2000.07.17"]
[EventType "swiss"]
[EventRounds "11"]
[EventCountry "DEN"]
[SourceDate "2004.01.01"]

1. e4 g6 2. d4 Bg7 3. Nc3 d6 4. Be3 c6 5. Qd2 Nd7 6. Nge2 b5 7. f3 Nb6 8. Nf4
Qc7 9. h4 h5 10. Rd1 Bd7 11. Be2 Nf6 12. b3 O-O 13. g4 b4 14. Nb1 e5 15. dxe5
dxe5 16. g5 exf4 17. Bxf4 Nxe4 18. Bxc7 Nxd2 19. Nxd2 Nd5 20. Nc4 Rfe8 21. Kf2
Bf5 22. Bd6 Bxc2 23. Rd2 Bf5 24. f4 Bc3 25. Rdd1 Bc2 26. Rc1 Bd4+ 27. Kf1 Be4
28. Rh3 Nc3 29. Bd3 c5 30. Be5 Bxd3+ 31. Rxd3 Rad8 32. a4 Bxe5 33. Nxe5 Rxd3
34. Nxd3 Re3 35. Nxc5 Rf3+ 36. Kg2 Rxf4 37. Re1 Rxh4 38. Re8+ Kg7 39. Re7 Rg4+
40. Kh3 Rxg5 41. Rc7 Re5 42. Na6 Re3+ 43. Kg2 Nd5 44. Rxa7 Rxb3 45. Nc5 Rb2+
46. Kg3 g5 47. Ne6+ Kf6 48. Nd8 Kf5 49. Rxf7+ Nf6 50. Nc6 h4+ 51. Kh3 Rd2 52.
Nxb4 Kg6 53. Rf8 Ne4 54. Nc6 Nf2+ 55. Kg2 Nd3+ 56. Kh3 Nf4+ 57. Kg4 Rg2+ 58.
Kf3 Rg3+ 59. Ke4 Kh5 60. Ne5 Ng6 61. Nxg6 Kxg6 62. a5 Kh5 63. Rf3 Rg4+ 64. Ke3
Ra4 65. Rf5 Kg4 66. Rb5 Ra2 67. a6 Rxa6 68. Kf2 Ra2+ 69. Kg1 Ra4 70. Kh2 Kf4
71. Rb2 g4 72. Rf2+ Ke3 73. Rf8 Rf4 74. Rh8 Kf2 75. Ra8 g3+ 76. Kh3 Re4 77.
Ra2+ Re2 78. Ra1 g2 79. Kh2 h3 80. Rb1 Re1 0-1

[Event "22. Copenhagen Open  (Politiken Cup)"]
[Site "Copenhagen"]
[Date "2000.07.26"]
[Round "9"]
[White "Pedersen, Kaj Vinding"]
[Black "Hau, Helge"]
[Result "1/2-1/2"]
[WhiteElo "1619"]
[BlackElo "1427"]
[PlyCount "45"]
[EventDate "2000.07.17"]
[EventType "swiss"]
[EventRounds "11"]
[EventCountry "DEN"]
[SourceDate "2004.01.01"]

1. d4 f5 2. c4 Nf6 3. Nc3 e6 4. g3 c6 5. Bg2 Be7 6. Nf3 Ne4 7. Qc2 d5 8. Ne5
Nd7 9. Nxd7 Bxd7 10. c5 O-O 11. f3 Nxc3 12. Qxc3 b6 13. b4 b5 14. Bf4 Rf6 15.
a4 a6 16. a5 h6 17. Be5 Rf7 18. O-O-O Bg5+ 19. f4 Bf6 20. Qe3 Bxe5 21. Qxe5 Qb8
22. Qxb8+ Rxb8 23. Bf3 1/2-1/2

[Event "22. Copenhagen Open  (Politiken Cup)"]
[Site "Copenhagen"]
[Date "2000.07.26"]
[Round "9"]
[White "Petersen, Kim Linde"]
[Black "Madhy, Nezar"]
[Result "0-1"]
[WhiteElo "1454"]
[BlackElo "1682"]
[Annotator "Fritz"]
[PlyCount "58"]
[EventDate "2000.07.17"]
[EventType "swiss"]
[EventRounds "11"]
[EventCountry "DEN"]
[SourceDate "2004.01.01"]

1. g4 d5 2. Bg2 Bxg4 3. c4 Nf6 4. Qb3 Na6 5. Qxb7 Qc8 6. Bxd5 Nxd5 7. Qxd5 Be6
8. Qa5 Qb7 9. Nf3 Bxc4 10. Nc3 O-O-O 11. Rg1 g6 12. Rg4 Be6 13. Ra4 Rd6 14. b4
Bg7 15. Bb2 Bd7 16. b5 Nc5 17. Ne4 Bxb2 18. Nxc5 Qb6 19. Qxa7 $2 (19. Qxb6 Rxb6
20. Rb1 Rxb5 21. Rxa7 $11 {Fritz}) 19... Bxa1 20. Qa8+ Qb8 21. Qe4 c6 22. Qb1
cxb5 23. Qxa1 bxa4 24. Qxh8+ Kc7 25. Qxb8+ Kxb8 26. Nxd7+ Rxd7 27. Kd1 f6 28.
Kc2 Rb7 29. d3 a3 0-1

[Event "22. Copenhagen Open  (Politiken Cup)"]
[Site "Copenhagen"]
[Date "2000.07.26"]
[Round "9"]
[White "Preuss, Flemming"]
[Black "Laustsen, Lars"]
[Result "1-0"]
[WhiteElo "2072"]
[BlackElo "1974"]
[PlyCount "61"]
[EventDate "2000.07.17"]
[EventType "swiss"]
[EventRounds "11"]
[EventCountry "DEN"]
[SourceDate "2004.01.01"]

1. e4 c5 2. Nf3 d6 3. d4 cxd4 4. Qxd4 Nc6 5. Bb5 Bd7 6. Bxc6 bxc6 7. c4 e5 8.
Qd3 f5 9. Nc3 Nf6 10. Bg5 fxe4 11. Nxe4 Be6 12. Rd1 Qa5+ 13. Nfd2 Be7 14. Nxd6+
Kf8 15. O-O Qxa2 16. Qf3 Bg4 17. Qxc6 Rd8 18. Ra1 Qxb2 19. c5 Bxd6 20. cxd6 Qb6
21. Ra6 Qxc6 22. Rxc6 Bd7 23. Rc7 Bb5 24. Re1 Rxd6 25. Rxe5 a6 26. Rc8+ Be8 27.
Bxf6 Rxd2 28. h4 Kf7 29. Bg5 Ra2 30. Re7+ Kf8 31. Rcxe8# 1-0

[Event "22. Copenhagen Open  (Politiken Cup)"]
[Site "Copenhagen"]
[Date "2000.07.26"]
[Round "9"]
[White "Radovic, Slobodan"]
[Black "Jensen, Dan Bronnum"]
[Result "1-0"]
[WhiteElo "1389"]
[BlackElo "1438"]
[PlyCount "95"]
[EventDate "2000.07.17"]
[EventType "swiss"]
[EventRounds "11"]
[EventCountry "DEN"]
[SourceDate "2004.01.01"]

1. c4 Nf6 2. Nc3 g6 3. g3 Bg7 4. Bg2 O-O 5. d4 c6 6. e4 d6 7. Be3 Bg4 8. Nge2
Qc8 9. h3 Bd7 10. Qd2 Re8 11. O-O-O e5 12. dxe5 dxe5 13. g4 Be6 14. b3 Na6 15.
g5 Nd7 16. Kb1 Bf8 17. Qc1 Nac5 18. h4 a5 19. h5 a4 20. b4 Na6 21. a3 Bxc4 22.
hxg6 fxg6 23. Bh3 Be6 24. Qd2 Bxh3 25. Rxh3 Re7 26. Qa2+ Kh8 27. Rdh1 Qe8 28.
f4 Nc7 29. f5 Rg7 30. Ng3 Qf7 {[#]} 31. Rxh7+ Rxh7 32. Qxf7 Rxh1+ 33. Nxh1 Rd8
34. Qxg6 Ne8 35. Qh5+ Kg8 36. g6 Ndf6 37. Qh2 Rd3 38. Bd2 Bd6 39. Kc2 Rf3 40.
Nf2 c5 41. Qg2 Rf4 42. Bxf4 exf4 43. Nd3 cxb4 44. Nxb4 Be5 45. Nbd5 Nd7 46.
Nxa4 Nd6 47. Qh1 Nf8 48. Nc5 1-0

[Event "22. Copenhagen Open  (Politiken Cup)"]
[Site "Copenhagen"]
[Date "2000.07.26"]
[Round "9"]
[White "Rasmussen, Casper Dahl"]
[Black "Nielsen, Carsten Juul"]
[Result "1-0"]
[WhiteElo "2281"]
[BlackElo "2117"]
[PlyCount "35"]
[EventDate "2000.07.17"]
[EventType "swiss"]
[EventRounds "11"]
[EventCountry "DEN"]
[SourceDate "2004.01.01"]

1. e4 c5 2. Nf3 Nf6 3. Nc3 d5 4. exd5 Nxd5 5. Bb5+ Bd7 6. Qe2 Nxc3 7. bxc3 Nc6
8. d4 a6 9. Bd3 cxd4 10. cxd4 e6 11. O-O Be7 12. c4 Bf6 13. Be3 O-O 14. Rab1
Qc7 15. Rfc1 e5 16. d5 Nd4 17. Nxd4 exd4 18. Bxd4 {[#] Fritz foreslr 18...
Lxd4 19.De4 Lxf2+ med lige spil.} 1-0

[Event "22. Copenhagen Open  (Politiken Cup)"]
[Site "Copenhagen"]
[Date "2000.07.26"]
[Round "9"]
[White "Rasmussen, Uffe"]
[Black "Helin, Mikael"]
[Result "1-0"]
[WhiteElo "1884"]
[BlackElo "2066"]
[PlyCount "137"]
[EventDate "2000.07.17"]
[EventType "swiss"]
[EventRounds "11"]
[EventCountry "DEN"]
[SourceDate "2004.01.01"]

1. e4 c5 2. Nc3 Nc6 3. f4 g6 4. Nf3 Bg7 5. Bc4 e6 6. f5 Nge7 7. fxe6 fxe6 8. d3
a6 9. a3 d5 10. Ba2 b5 11. O-O O-O 12. Kh1 c4 13. Qe1 Qe8 14. Bg5 h6 15. Bd2
Rb8 16. Nd1 Qf7 17. c3 g5 18. Nf2 Qg6 19. e5 Rxf3 20. gxf3 Nxe5 21. f4 Nf3 22.
Qe2 Bb7 23. d4 g4 24. Rad1 Nf5 25. Nxg4 N5xd4 26. cxd4 Nxd4 27. Qg2 Nf5 28. Ne5
Qxg2+ 29. Kxg2 d4+ 30. Kf2 Nd6 31. Bb1 d3 32. Be3 Ne4+ 33. Ke1 Bf6 34. Rg1+ Kh8
35. Nd7 Bh4+ 36. Kf1 Rd8 37. Bd4+ Kh7 38. Rg7+ Kh8 39. Rg4+ Kh7 40. Rg7+ Kh8
41. Rg4+ Kh7 42. Rxh4 Rxd7 43. Be5 Nc5 44. Kf2 Rf7 45. Ke3 a5 $11 46. Rg1 Nd7
47. Bc3 e5 48. Rhg4 Nf6 49. Bxe5 Nxg4+ 50. Rxg4 Bc8 51. Rg3 Bf5 52. b3 h5 53.
bxc4 bxc4 54. Kd4 Rb7 55. Rg1 h4 56. Kxc4 Rd7 57. Rd1 Rd8 58. Bxd3 Kh6 59. Kc3
Rc8+ 60. Kd2 Rd8 61. Ke3 h3 62. Rd2 Bc8 63. Rb2 Rg8 64. Rb8 Be6 65. Rxg8 Bxg8
66. Bc7 a4 67. Bc2 Bb3 68. Bxb3 axb3 69. Kd3 1-0

[Event "22. Copenhagen Open  (Politiken Cup)"]
[Site "Copenhagen"]
[Date "2000.07.26"]
[Round "9"]
[White "Romsdal, Trond"]
[Black "Tozer, Richard"]
[Result "1/2-1/2"]
[WhiteElo "2222"]
[BlackElo "2317"]
[PlyCount "91"]
[EventDate "2000.07.17"]
[EventType "swiss"]
[EventRounds "11"]
[EventCountry "DEN"]
[SourceDate "2004.01.01"]

1. d4 c5 2. dxc5 e6 3. Nf3 Bxc5 4. c4 Nf6 5. Nc3 O-O 6. e3 b6 7. Be2 Bb7 8. O-O
d5 9. cxd5 Nxd5 10. Nxd5 Bxd5 11. Bd2 Qf6 12. Bc3 Qg6 13. Qa4 Nc6 14. Rfd1 Rad8
15. Kf1 e5 16. b4 e4 17. Nh4 Qh6 18. bxc5 Qxh4 19. Kg1 Qg5 20. Bb5 Ne5 21. Bxe5
Qxe5 22. Qxa7 Ra8 23. Qxb6 Rfb8 24. Bc6 Rxb6 25. Bxa8 Rh6 26. g3 Rf6 27. Rab1
h5 28. Rxd5 Qc3 29. Rd8+ Kh7 30. Bxe4+ g6 31. c6 Rxf2 32. Rd3 Qc2 33. Rdd1 Qxa2
34. c7 Rxh2 35. Rf1 Rh3 36. Rxf7+ Qxf7 37. c8=Q Rxg3+ 38. Kh1 Kh6 39. Qh8+ Kg5
40. Bg2 Rxe3 41. Rg1 Qf4 42. Bf3+ Kh4 43. Qd8+ g5 44. Bg2 {[#]} Rh3+ 45. Bxh3
Qh2+ 46. Kxh2 1/2-1/2

[Event "22. Copenhagen Open  (Politiken Cup)"]
[Site "Copenhagen"]
[Date "2000.07.26"]
[Round "9"]
[White "Rossen, Claus"]
[Black "Pedersen, Christian Kyndel"]
[Result "1-0"]
[WhiteElo "2167"]
[BlackElo "2127"]
[PlyCount "120"]
[EventDate "2000.07.17"]
[EventType "swiss"]
[EventRounds "11"]
[EventCountry "DEN"]
[SourceDate "2004.01.01"]

1. e4 c6 2. d4 d5 3. f3 e6 4. Be3 dxe4 5. Nd2 exf3 6. Ngxf3 Nf6 7. Bc4 Nbd7 8.
Qe2 Nb6 9. O-O-O Nxc4 10. Nxc4 b6 11. Nce5 Ne4 12. Nxc6 Qd5 13. Nce5 f6 14. Nc4
Be7 15. Kb1 O-O 16. Ncd2 a5 17. Nxe4 Qxe4 18. Qd3 Bb7 19. Rhe1 Qxd3 20. Rxd3
Rfc8 21. Bc1 Bd5 22. b3 b5 23. Bb2 a4 24. g3 Bd6 25. Nd2 a3 26. Bc1 Bb4 27.
Ree3 f5 28. c3 Be7 29. c4 bxc4 30. bxc4 Bxc4 31. Nxc4 Rxc4 32. Rxe6 Kf7 33. Rb6
Rac8 34. Bxa3 Bxa3 35. Rxa3 Rxd4 36. Ra7+ Kf8 37. a4 Rd1+ 38. Kb2 Rdc1 39. a5
R1c2+ 40. Kb3 Rc1 41. Rab7 Ra8 42. Rb8+ Rxb8 43. Rxb8+ Kf7 44. Rb7+ Kf6 45. Rb4
Rb1+ 46. Kc4 Ra1 47. Kb5 g5 48. a6 Ke5 49. Ra4 Rb1+ 50. Kc6 Rb8 51. a7 Ra8 52.
Kb7 Rxa7+ 53. Rxa7 Ke4 54. Kc6 Kf3 55. Rxh7 g4 56. Kd5 f4 57. Rf7 Kg2 58. Rxf4
Kxh2 59. Rxg4 Kh3 60. Rg8 Kg2 1-0

[Event "22. Copenhagen Open  (Politiken Cup)"]
[Site "Copenhagen"]
[Date "2000.07.26"]
[Round "9"]
[White "Rubeksen, Thomas Hans"]
[Black "Jensen, Michael Bremerskov"]
[Result "0-1"]
[WhiteElo "1210"]
[BlackElo "1358"]
[PlyCount "88"]
[EventDate "2000.07.17"]
[EventType "swiss"]
[EventRounds "11"]
[EventCountry "DEN"]
[SourceDate "2004.01.01"]

1. e4 c5 2. Nf3 Nc6 3. d4 cxd4 4. Nxd4 Nf6 5. Nc3 d6 6. Be3 g6 7. Bb5 Bd7 8.
Qd2 Bg7 9. Nxc6 bxc6 10. Bd3 O-O 11. Bh6 Rb8 12. Bxg7 Kxg7 13. Rb1 Qc7 14. f3
d5 15. exd5 cxd5 16. O-O e5 17. Rfe1 Rfe8 18. Qe2 Bc6 19. Kh1 e4 20. fxe4 dxe4
21. Bb5 e3 22. Bxc6 Qxc6 23. h3 Nh5 24. Qf3 Qe6 25. g4 Nf6 26. Kg2 Rbd8 27.
Rbd1 Rxd1 28. Qxd1 Qb6 29. Qa1 h5 30. b3 Kh6 31. gxh5 Qc6+ 32. Kh2 Nxh5 33. Ne2
Qd6+ 34. Kg2 Re5 35. Qd4 Qc6+ 36. Kh2 Qf6 37. Rg1 g5 38. c4 Nf4 39. Nxf4 gxf4
40. Qd1 f3 41. Kg3 f2 42. Rf1 Rg5+ 43. Kh2 Qf4+ 44. Kh1 Qe4+ 0-1

[Event "22. Copenhagen Open  (Politiken Cup)"]
[Site "Copenhagen"]
[Date "2000.07.26"]
[Round "9"]
[White "Roder, Peter Ulrik"]
[Black "Carstensen, Jacob"]
[Result "0-1"]
[WhiteElo "2167"]
[BlackElo "2254"]
[PlyCount "76"]
[EventDate "2000.07.17"]
[EventType "swiss"]
[EventRounds "11"]
[EventCountry "DEN"]
[SourceDate "2004.01.01"]

1. d4 Nf6 2. c4 e6 3. Nc3 Bb4 4. Bd2 d5 5. Nf3 c6 6. e3 O-O 7. Bd3 Nbd7 8. O-O
Re8 9. Ne5 dxc4 10. Bxc4 Bd6 11. f4 c5 12. Qe2 $11 cxd4 13. exd4 Nb6 14. Bd3
Bf8 15. Be3 Nbd5 16. Rf3 Bd7 17. Rh3 g6 18. Rd1 Bg7 19. g4 Rc8 20. g5 Nxc3 21.
bxc3 Nd5 22. Bd2 Bxe5 23. Qxe5 Bc6 24. c4 Ne7 25. d5 Nxd5 26. cxd5 Qxd5 27.
Qxd5 Bxd5 28. Bb1 Rc4 29. Rc3 Rd4 30. Kf2 Rd8 31. Ke3 Bc4 32. Rc2 b5 33. a3
Rd3+ 34. Kf2 Bb3 35. Ke2 Rh3 36. Ba5 Rxd1 37. Rc8+ Kg7 38. Bc3+ Rxc3 0-1

[Event "22. Copenhagen Open  (Politiken Cup)"]
[Site "Copenhagen"]
[Date "2000.07.26"]
[Round "9"]
[White "Ronsted, Torben"]
[Black "Nielsen, Thomas"]
[Result "1-0"]
[WhiteElo "2114"]
[BlackElo "1809"]
[PlyCount "77"]
[EventDate "2000.07.17"]
[EventType "swiss"]
[EventRounds "11"]
[EventCountry "DEN"]
[SourceDate "2004.01.01"]

1. d4 Nf6 2. c4 e6 3. Nc3 Bb4 4. e3 b6 5. Nge2 Bb7 6. a3 Be7 7. d5 exd5 8. cxd5
Bd6 9. e4 c6 10. f4 Nxd5 11. exd5 O-O 12. dxc6 dxc6 13. Ne4 Qe7 14. Qxd6 Qxe4
15. Bd2 Ba6 16. Qd4 Qe7 17. Bc3 f6 18. Bb4 c5 19. Qd5+ Kh8 20. Qxa8 cxb4 21.
Qf3 Bb7 22. Qb3 Rc8 23. Rd1 Na6 24. Kf2 Nc5 25. Qe3 Ne4+ 26. Kg1 bxa3 27. bxa3
Qf7 28. Ng3 Nc5 29. Be2 Re8 30. Qf2 Qb3 31. h3 Qxa3 32. Kh2 Qb2 33. Qd4 Qa2 34.
Rd2 Qf7 35. Bb5 Rf8 36. Bc4 Qc7 37. Qd6 Qc8 38. Rhd1 Bxg2 39. Qxf8+ 1-0

[Event "22. Copenhagen Open  (Politiken Cup)"]
[Site "Copenhagen"]
[Date "2000.07.26"]
[Round "9"]
[White "Schmied, Andreas"]
[Black "Paaske, Asger"]
[Result "1/2-1/2"]
[WhiteElo "2155"]
[BlackElo "2038"]
[PlyCount "34"]
[EventDate "2000.07.17"]
[EventType "swiss"]
[EventRounds "11"]
[EventCountry "DEN"]
[SourceDate "2004.01.01"]

1. d4 Nf6 2. c4 e5 3. dxe5 Ne4 4. a3 Nc6 5. Nf3 d6 6. Qc2 Nc5 7. b4 Ne6 8. Bb2
Nxe5 9. Nxe5 dxe5 10. Bxe5 a5 11. c5 axb4 12. axb4 Rxa1 13. Bxa1 b6 14. e3 bxc5
15. bxc5 Qd5 16. Qc4 Qxc5 17. Qxc5 Bxc5 1/2-1/2

[Event "22. Copenhagen Open  (Politiken Cup)"]
[Site "Copenhagen"]
[Date "2000.07.26"]
[Round "9"]
[White "Schultz Pedersen, Jesper"]
[Black "Tolstrup, Thomas"]
[Result "1-0"]
[WhiteElo "2215"]
[BlackElo "1856"]
[PlyCount "95"]
[EventDate "2000.07.17"]
[EventType "swiss"]
[EventRounds "11"]
[EventCountry "DEN"]
[SourceDate "2004.01.01"]

1. e4 e6 2. d4 d5 3. e5 c5 4. dxc5 Nc6 5. Nf3 Bxc5 6. Bd3 f6 7. Qe2 fxe5 8.
Nxe5 Nxe5 9. Qxe5 Nf6 10. O-O O-O 11. Be3 Bd6 12. Qg5 e5 13. Qh4 e4 14. Be2 Be5
15. c3 Be6 16. Na3 a6 17. Nc2 Qc7 18. Rad1 Rad8 19. Rd2 Qf7 20. Rfd1 Nd7 21.
Rf1 Bf6 22. Bg5 Ne5 23. Bxf6 Qxf6 24. Qxf6 gxf6 25. Ne3 Nc4 26. Bxc4 dxc4 27.
Rd4 Rxd4 28. cxd4 b5 29. a3 f5 {=} 30. g3 f4 31. Ng2 Bh3 32. Re1 fxg3 33. hxg3
Re8 34. f4 Kf7 35. Ne3 Bd7 36. Kf2 Bc8 37. Rh1 Kg7 38. g4 Rd8 39. d5 Bb7 40.
Rh5 a5 41. Re5 Rd7 42. d6 Ba6 43. Nf5+ Kf6 44. g5+ Kg6 45. Ke3 Rd8 46. Kxe4 Bc8
47. Ne7+ Kf7 48. Nxc8 1-0

[Event "22. Copenhagen Open  (Politiken Cup)"]
[Site "Copenhagen"]
[Date "2000.07.26"]
[Round "9"]
[White "Schonberg, Pauli"]
[Black "Schonberg, Niels Peder"]
[Result "1-0"]
[WhiteElo "1504"]
[BlackElo "1198"]
[PlyCount "105"]
[EventDate "2000.07.17"]
[EventType "swiss"]
[EventRounds "11"]
[EventCountry "DEN"]
[SourceDate "2004.01.01"]

1. e4 e6 2. Nf3 Bc5 3. d4 Be7 4. e5 d5 5. c4 c6 6. c5 f6 7. Nh4 g6 8. Nf3 fxe5
9. Nxe5 Bf6 10. Bf4 Nd7 11. Ng4 b6 12. Nxf6+ Ngxf6 13. Qa4 Bb7 14. Qc2 bxc5 15.
dxc5 Qa5+ 16. Bd2 Qxc5 17. Qxc5 Nxc5 18. Bc3 Ncd7 19. Nd2 O-O 20. Be2 a6 21.
O-O c5 22. b3 Rae8 23. Rad1 e5 24. h3 Re6 25. f3 Nh5 26. Kh2 Nf4 27. Rf2 Rb6
28. Nc4 Re6 29. Na5 Bc8 30. Bf1 Nf6 31. g3 N4h5 32. Rfd2 Rd8 33. Nc4 d4 34. Ba5
Rde8 35. Nb6 Bb7 36. Bc4 Bxf3 37. Bxe6+ Rxe6 38. Rf1 e4 39. Nc4 e3 40. Rb2 e2
41. Rxf3 e1=Q 42. Bxe1 Rxe1 43. g4 Nxg4+ 44. hxg4 Ng7 45. Rbf2 Ne6 46. Nb6 g5
47. Rf5 d3 48. Nc4 Re2 49. Rxe2 dxe2 50. Re5 Nf4 51. Rxg5+ Kf7 52. Re5 Kf6 53.
Kg3 1-0

[Event "22. Copenhagen Open  (Politiken Cup)"]
[Site "Copenhagen"]
[Date "2000.07.26"]
[Round "9"]
[White "Skytte, Rasmus"]
[Black "Bekker Jensen, Simon"]
[Result "1/2-1/2"]
[WhiteElo "2323"]
[BlackElo "2388"]
[PlyCount "56"]
[EventDate "2000.07.17"]
[EventType "swiss"]
[EventRounds "11"]
[EventCountry "DEN"]
[SourceDate "2004.01.01"]

1. e4 c5 2. Nc3 Nc6 3. Bb5 Nd4 4. Bc4 g6 5. Nf3 Bg7 6. Nxd4 cxd4 7. Qf3 Nh6 8.
Ne2 f5 9. d3 Nf7 10. Qg3 O-O 11. h4 e6 12. h5 g5 13. h6 Bf6 14. f4 b5 15. Bb3
g4 16. e5 Be7 17. Nxd4 a6 18. Be3 Bb7 19. Ke2 Qc7 20. Rh5 Kh8 21. Nxf5 exf5 22.
Rxf5 Nxh6 23. Rh5 Qc6 24. Qh2 Qxg2+ 25. Qxg2 Bxg2 26. Rxh6 Kg7 27. Rh2 Bf3+ 28.
Kf2 h5 1/2-1/2

[Event "22. Copenhagen Open  (Politiken Cup)"]
[Site "Copenhagen"]
[Date "2000.07.26"]
[Round "9"]
[White "Jensen, Kasper Smith"]
[Black "Petersen, Lars"]
[Result "1-0"]
[WhiteElo "2157"]
[BlackElo "2097"]
[PlyCount "41"]
[EventDate "2000.07.17"]
[EventType "swiss"]
[EventRounds "11"]
[EventCountry "DEN"]
[SourceDate "2004.01.01"]

1. e4 c6 2. d4 d5 3. Nc3 dxe4 4. Nxe4 Nf6 5. Nxf6+ gxf6 6. Be3 Bf5 7. c3 e6 8.
Ne2 Bd6 9. Ng3 Bg6 10. Bh6 Bxg3 11. hxg3 Nd7 12. Qf3 Qb6 13. O-O-O Qa5 14. Bc4
Rg8 15. d5 Ne5 16. Qxf6 Qa4 17. Bb3 Qe4 18. d6 {[#]} Qb1+ 19. Kd2 Qxb2+ 20. Ke1
Qxc3+ 21. Kf1 1-0

[Event "22. Copenhagen Open  (Politiken Cup)"]
[Site "Copenhagen"]
[Date "2000.07.26"]
[Round "9"]
[White "Thomsen, Heinrich Kirch"]
[Black "Rosenberg, Jan"]
[Result "0-1"]
[WhiteElo "1432"]
[BlackElo "1625"]
[PlyCount "78"]
[EventDate "2000.07.17"]
[EventType "swiss"]
[EventRounds "11"]
[EventCountry "DEN"]
[SourceDate "2004.01.01"]

1. e4 d5 2. exd5 Qxd5 3. Nc3 Qa5 4. d4 Nf6 5. Nf3 c6 6. Bc4 Bf5 7. Bd2 Qc7 8.
Ne5 e6 9. g4 Be4 10. f3 Bd5 11. Nxd5 Nxd5 12. Qe2 Bd6 13. O-O-O O-O 14. h4 c5
15. Bxd5 exd5 16. Bc3 Re8 17. Qb5 Nc6 18. Nxc6 bxc6 19. Qf1 cxd4 20. Rxd4 Qd7
21. h5 c5 22. Rd1 d4 23. Be1 Qa4 24. Kb1 Rab8 25. b3 Qc6 26. h6 g6 27. Bd2 c4
28. Bc1 d3 29. Qf2 Re2 30. Qxe2 dxe2 31. Rd2 Qxf3 32. Re1 Bb4 33. Rdxe2 Bxe1
34. Rxe1 cxb3 35. axb3 Qxg4 36. Re7 Qd1 37. Rc7 a5 38. Kb2 a4 39. Bf4 Qd4+ 0-1